Women's Wimbledon Champions by Picture - Statistics

General Stats
  • This quiz has been taken 49 times
    8 since last reset
  • The average score is 30 of 53
Answer Stats
Picture Hint Answer % Correct
2004 Maria Sharapova
100%
1978 | 1979 | 1982 | 1983 | 1984 | 1985 | 1986 | 1987 | 1990 Martina Navratilova
100%
2002 | 2003 | 2009 | 2010 | 2012 | 2015 | 2016 Serena Williams
100%
2019 Simona Halep
100%
2000 | 2001 | 2005 | 2007 | 2008 Venus Williams
100%
2006 Amélie Mauresmo
86%
2018 Angelique Kerber
86%
2021 Ashleigh Barty
86%
1966 | 1967 | 1968 | 1972 | 1973 | 1975 Billie Jean King
86%
2022 Elena Rybakina
86%
2017 Garbiñe Muguruza
86%
2025 Iga Świątek
86%
2013 Marion Bartoli
86%
2011 | 2014 Petra Kvitová
86%
1988 | 1989 | 1991 | 1992 | 1993 | 1995 | 1996 Steffi Graff
86%
2024 Barbora Krejčíková
71%
1974 | 1976 | 1981 Chris Evert
71%
1994 Conchita Martínez
71%
1971 | 1980 Evonne Goolagong Cawley
71%
1998 Jana Novotná
71%
1999 Lindsay Davenport
71%
1963 | 1965 | 1970 Margaret Court
71%
1997 Martina Hingis
71%
1919 | 1920 | 1921 | 1922 | 1923 | 1925 Suzanne Lenglen
71%
1957 | 1958 Althea Gibson
57%
1969 Ann Jones
57%
1887 | 1888 Lottie Dodd
57%
2023 Markéta Vondroušová
57%
1977 Virginia Wade
57%
1961 Angela Mortimer
43%
1959 | 1960 | 1964 Maria Bueno
43%
1939 Alice Marble
29%
1886 | 1889 | 1894 | 1899 | 1900 Blanche Bingley
29%
1895 | 1896 | 1898 | 1901 | 1908 Charlotte Cooper
29%
1931 Cilly Aussem
29%
1909 Dora Boothby
29%
1951 Doris Hart
29%
1903 | 1904 | 1906 | 1910 | 1911 | 1913 | 1914 Dorothea Douglass Lambert Chambers
29%
1934 | 1937 Dorothy Round
29%
1912 Ethel Thomson Larcombe
29%
1936 Helen Jacobs
29%
1927 | 1928 | 1929 | 1930 | 1932 | 1933 | 1935 | 1938 Helen Willis
29%
1962 Karen Susman
29%
1924 | 1926 Kathleen McKane Godfree
29%
1890 | 1891 | 1892 | 1893 Lena Rice
29%
1948 | 1949 | 1950 | 1955 Louise Brough
29%
1947 Margaret Osborne duPont
29%
1884 | 1885 Maud Watson
29%
1952 | 1953 | 1954 Maureen Connolly
29%
1905 | 1907 May Sutton
29%
1902 Muriel Robb
29%
1946 Pauline Betz
29%
1956 Shirley Fry
29%
No matching quizzes found
Score Distribution
Percent of People with Each Score
Percentile by Number Answered
Your Score History
You have not taken this quiz since the last reset